नाटिकानवरत्नहार (Record no. 83418)

MARC details
000 -LEADER
fixed length control field 00603nam a2200181Ia 4500
008 - FIXED-LENGTH DATA ELEMENTS--GENERAL INFORMATION
fixed length control field 090124s9999 xx 000 0 und d
082 ## - DEWEY DECIMAL CLASSIFICATION NUMBER
Item number 3825
100 ## - MAIN ENTRY--PERSONAL NAME
Personal name गद्रे अनंत हरि
245 ## - TITLE STATEMENT
Title नाटिकानवरत्नहार
250 ## - EDITION STATEMENT
Edition statement 1
260 ## - PUBLICATION, DISTRIBUTION, ETC. (IMPRINT)
Name of publisher, distributor, etc गद्रे अनंत हरि
Date of publication, distribution, etc 1942
300 ## - PHYSICAL DESCRIPTION
Extent 366
600 ## - SUBJECT ADDED ENTRY--PERSONAL NAME
Personal name गद्रे अनंत हरि
630 ## - SUBJECT ADDED ENTRY--UNIFORM TITLE
Uniform title नाटिकानवरत्नहार
700 ## - ADDED ENTRY--PERSONAL NAME
Personal name गद्रे अनंत हरि
730 ## - ADDED ENTRY--UNIFORM TITLE
Uniform title नाटिकानवरत्नहार
942 ## - ADDED ENTRY ELEMENTS (KOHA)
Koha item type Book
Holdings
Withdrawn status Lost status Damaged status Not for loan Home library Current library Date acquired Cost, normal purchase price Total Checkouts Full call number Barcode Date last seen Cost, replacement price Price effective from Koha item type
        Nagar Wachan Mandir, Thane Nagar Wachan Mandir, Thane   3.00   3825 THNNWM-3825 01/24/2009 3.00 01/24/2009 Book